Estadísticas para Banderas de Países que Limitan con Alemania

Haz click aquí para intentar la prueba.

Estadísticas generales

  • Esta prueba ha sido intentada 4.863 veces
  • La puntuación promedio es 9 de 9

Estadísticas de respuestas

Respuesta% Correcto
Francia
100%
Bélgica
97%
Países Bajos
97%
Suiza
97%
Polonia
96%
Dinamarca
95%
República Checa
94%
Austria
93%
Luxemburgo
93%

Distribución de puntuación

Porcentaje por número respondido

Porcentaje de gente con cada puntuación

Historial de tus puntuaciones

No has intentado esta prueba.